LDR 00500naa#a2200157#i#450# 001 EN\\bibl\118143 005 20260417145155.5 011 ## _a2413-2527 100 ## _a20260325b2026####ek#y0engy0150####ca 102 ## _aRU 200 1# _aSmagin Vladimir Aleksandrovich _eJournal article 210 1# _aSaint-Petersburg _cFSBEI HE "Emperor Alexander I St. Petersburg State Transport University" _d2026 215 ## _a1 с. 608 ## _aJournal article _2local 700 #1 _aSmagin _gVladimir Aleksandrovich 856 4# _abrni.editorum.ru _u